00713nam a2200193Ia 450000500170000000800410001704100080005808200160006610000250008224500560010726000550016330000090021850000270022765000350025470000480028994200070033799900170034495201580036120230417135114.0230125s9999 xx 000 0 und d aeng a658.45bSHR aShrikhande R9115777 aBusiness Communication and Executive Effectiveness c2004bSymbiosis centre for distance learningaPune a236p aBusiness Communication aBusiness Communication9113756 aShrikhande R & Nandini Madan, Donor9115778 cDB c93587d93587 00104070aHIMRbHIMRd2015-06-15eDonated Book- Outside Donarg1.00o658.45 SHR DB1949pHIMR-DB-1949r2023-01-25 00:00:00v1.00w2023-01-25yDBzDB1949